| 000 | 01363cam a22003854a 4500 | ||
|---|---|---|---|
| 001 | 14007 | ||
| 003 | BD-RjUL | ||
| 005 | 20211208235544.0 | ||
| 008 | 031023s2004 njua sb 001 0 eng d | ||
| 020 | _a1588292363 (alk. paper) | ||
| 035 | _a(WaSeSS)14059 | ||
| 040 |
_aDNLM/DLC _cDLC _dDLC _dWaSeSS _beng |
||
| 041 | _aeng | ||
| 060 | 1 | 0 |
_aW1 _bME9616J v.262 2004 |
| 060 | 1 | 0 |
_aQH 443 _bG3284 2004 |
| 082 | 0 | 0 |
_a572.877 _222 _bGEN 2004 |
| 245 | 0 | 0 |
_aGenetic recombination _breviews and protocols / _cedited by Alan S. Waldman. |
| 260 |
_aTotowa, N.J. : _bHumana Press, _cc2004. |
||
| 300 |
_ax,260p. _bill. : _c24cm. |
||
| 490 | 1 |
_aMethods in molecular biology, _vv. 262 |
|
| 504 | _aIncludes bibliographical references and index. | ||
| 506 | _aLicense restrictions may limit access. | ||
| 650 | 0 |
_aGenetic recombination. _943783 |
|
| 650 | 1 | 2 |
_aRecombination, Genetic. _943784 |
| 650 | 2 | 2 |
_aGene Expression. _921239 |
| 650 | 2 | 2 |
_aGene Targeting. _943785 |
| 650 | 2 | 2 |
_aGenetic Engineering. _943786 |
| 830 | 0 |
_vv. 262. _9111356 |
|
| 700 | 1 |
_aWaldman, Alan S. _943788 |
|
| 773 | 0 | _tSpringer Protocols | |
| 830 | 0 |
_aMethods in molecular biology (Clifton, N.J.) ; _9111357 |
|
| 856 | 4 | 0 |
_uhttp://www.columbia.edu/cgi-bin/cul/resolve?clio8791535 _zFull text available from Springer Protocols |
| 942 |
_2ddc _cBK |
||
| 999 |
_c14007 _d14007 |
||